| Поле | Инд. | ПП | Название | Значение |
|---|---|---|---|---|
| Тип записи | a | |||
| Библиографический уровень | m | |||
| 001 | Контрольный номер | 15e72385-8136-4dd1-a536-807d64ce211b | ||
| 005 | Дата корректировки | 20230511113336.1 | ||
| 008 | Кодируемые данные | 020404 | ||
| 040 | a | Служба первич. каталог. | НБ ТвГУ | |
| 041 | 0_ | a | Код языка текста | rus |
| 080 | a | Индекс УДК | 784.4.087.68(470) | |
| 084 | a | Индекс другой классификации/Индекс ББК | Щ941.1-092(2РОС=411.2) | |
| a | Индекс другой классификации/Индекс ББК | Щ92(2РОС=411.2)-415 | ||
| 090 | x | Авторский знак | К28 | |
| a | Полочн. индекс | 78М | ||
| 100 | 1_ | a | Автор | Кастальский Александр Дмитриевич |
| 245 | 10 | a | Заглавие | Ты рябинушка |
| b | Продолж. заглавия | Рус. нар. песня : В обработке для смешанного хора | ||
| c | Ответственность | А. Кастальский | ||
| 260 | 0_ | a | Место издания | Москва |
| b | Издательство | Музгиз | ||
| c | Дата издания | 1936 | ||
| 300 | a | Объем | 3 с. | |
| b | Иллюстрации/ тип воспроизводства | ноты. | ||
| 650 | 04 | a | Основная рубрика | Музыкальные произведения |
| x | Основная подрубрика | Нотные издания | ||
| 650 | 04 | a | Основная рубрика | Вокальная музыка |
| x | Основная подрубрика | Хор смешанный | ||
| 650 | 04 | a | Основная рубрика | Песни народные русские |
| x | Основная подрубрика | Обработка | ||
| 653 | 0_ | a | Ключевые слова | Музыкальные произведения |
| a | Ключевые слова | Вокальная музыка | ||
| a | Ключевые слова | Песни | ||
| a | Ключевые слова | Русские народные песни | ||
| a | Ключевые слова | Хор | ||
| a | Ключевые слова | Смешанный хор | ||
| a | Ключевые слова | Ноты | ||
| a | Ключевые слова | Ноты | ||
| 852 | 41 | i | Расстановочный признак | Проверка 2023 |
| 920 | a | Оператор | Семен | |
| 930 | a | Новая/Ретро | ноты | |
| 952 | c | Вид литературы | К ру | |
| 954 | a | Дата поступления на обработку | 20020521 | |
| e | Дата перешифровки | 20230511 |